Règlement de la Maison de Sureté (Record no. 151790)

MARC details
000 -LEADER
campo de control de longitud fija 01296nam a2200217 i 4500
001 - NÚMERO DE CONTROL
campo de control 151790
003 - IDENTIFICADOR DE NÚMERO DE CONTROL
campo de control ES-MaACL
005 - FECHA Y HORA DE LA ÚLTIMA TRANSACCIÓN
campo de control 20250719062536.0
008 - DATOS DE LONGITUD FIJA--INFORMACIÓN GENERAL
campo de control de longitud fija 040914s1882 be |||| | fre d
110 1# - ENTRADA PRINCIPAL--NOMBRE DE ENTIDAD CORPORATIVA
Nombre de entidad corporativa o nombre de jurisdicción como elemento de entrada Bélgica.
Unidad subordinada Ministère de la Justice.
9 (RLIN) 134208
245 10 - MENCIÓN DEL TÍTULO
Título Règlement de la Maison de Sureté
Resto del título : (nouvelle prison cellulaire) a Anvers /
Mención de responsabilidad, etc. Ministére de la Justice.
260 ## - PUBLICACIÓN, DISTRIBUCIÓN, ETC.
Lugar de publicación, distribución, etc. Bruxelles :
Nombre del editor, distribuidor, etc. [s.n.],
Fecha de publicación, distribución, etc. 1882 (
Fabricante Imp.-Lit. I.-Ph. van Assche)
300 ## - DESCRIPCIÓN FÍSICA
Extensión 41 p. ;
Dimensiones 23 cm.
650 #4 - PUNTO DE ACCESO ADICIONAL DE MATERIA--TÉRMINO DE MATERIA
Término de materia o nombre geográfico como elemento de entrada Establecimientos penitenciarios-
Subdivisión geográfica Bélgica.
9 (RLIN) 143325
852 ## - LOCALIZACIÓN
Ubicación ES-MaACL
Número de control de estantería D-69(3)
itemnumber 157275
Sublocalización o colección R.FOLL.2/2
Ubicación en estantería Sala Valle Inclán
Donativo/Legado Donación: Francisco Lastres y Juiz
Encuadernación Encuadernación holandesa
-- Encuadernado con otras obras formando un volumen facticio
Anotaciones manuscritas Anotación manuscrita en portada: "Folletos penitenciarios. T. 13"
Signatura antigua Olim: 193-C-13
Marcas de propiedad Sello en tinta en portada: Donativo del Sr. Lastres al Ateneo de Madrid 1907"
852 ## - LOCALIZACIÓN
Ubicación ES-MaACL
Número de control de estantería D-134(8)
Anotaciones manuscritas Anotación manuscrita en portada: "Estudios penitenciarios", folletos, 1
Donativo/Legado Donación: Francisco Lastres y Juiz
Encuadernación Encuadernado con otras obras formando un volumen facticio
Ubicación en estantería Sala Valle Inclán
itemnumber 157274
903 ## - NOMBRE PERSONAL DE DONANTE
a Lastres y Juiz, Francisco,
d 1848-1918
q 1
e Donante
9 70504
942 ## - ELEMENTOS DE ENTRADA SECUNDARIOS (KOHA)
Fuente del sistema de clasificación o colocación Clasificación decimal universal
Tipo de ítem Koha Folleto
Holdings
Estatus retirado Estado de pérdida Fuente del sistema de clasificación o colocación Estado de daño No para préstamo Colección Biblioteca de origen Biblioteca actual Ubicación en estantería Fecha de adquisición Fuente de adquisición Total de préstamos Signatura topográfica completa Código de barras Visto por última vez Precio de reemplazo Tipo de ítem Koha
    Clasificación decimal universal     Colección de folletos Biblioteca del Ateneo de Madrid Biblioteca del Ateneo de Madrid Sala Valle Inclán 03/10/2018 Donación   D-134(8) 901199352 23/02/2023 23/02/2023 Folleto
    Clasificación decimal universal     Colección de folletos Biblioteca del Ateneo de Madrid Biblioteca del Ateneo de Madrid Sala Valle Inclán 17/01/2008 Donación   D-69(3) 901158419 23/02/2023 23/02/2023 Folleto